000 00861cam a2200289 a 4500
001 2472690
003 OSt
005 20170105101211.0
008 930812s1991 maua b 001 0 eng d
010 _a 90083021
020 _a039548278X
035 _a(OCoLC)23043901
040 _aInTR
_cInTR
_dOCoLC
_dOU
_dDLC
042 _alccopycat
050 0 4 _aHB171.5
_b.B6944 1991
082 0 4 _a330
100 1 _aBoyes, William J.
245 1 0 _aEconomics /
_cWilliam Boyes, Michael Melvin.
260 _aBoston :
_bHoughton Mifflin,
_cc1991.
300 _axxix, 1045, [39] p. :
_bcol. ill. ;
_c26 cm.
504 _aIncludes bibliographical references.
650 0 _aEconomics.
700 1 _aMelvin, Michael,
_d1948-
906 _a7
_bcbc
_ccopycat
_d3
_eopcn
_f19
_gy-gencatlg
942 _2ddc
_cBK
999 _c3184
_d3184